| 000 | 00326nam a2200097Ia 4500 | ||
|---|---|---|---|
| 005 | 20250424112928.0 | ||
| 008 | 250424s9999 xx 000 0 und d | ||
| 300 | _av. : ill., maps ; 29 cm. | ||
| 650 | _aScience--Nigeria--Periodicals. Technology--Nigeria--Periodicals. Science--Periodicals. Technology--Periodicals. | ||
| 942 | _cSR | ||
| 999 |
_c37940 _d37940 |
||